Score 0/33 Timer 12:00
0 Plays Today
E _ _ _ E % Correct
evade
64.2%
eagle
61.7%
erase
58%
elite
56.8%
elope
54.3%
elude
54.3%
elate
53.1%
evoke
48.1%
exude
46.9%
emote
45.7%
erode
45.7%
eerie
43.2%
elide
42%
exile
38.3%
ensue
32.1%
emcee
30.9%
etude
27.2%
E _ _ _ E % Correct
educe
25.9%
evite
23.5%
endue
23.5%
eyrie
19.8%
enate
19.8%
ecole
16%
exine
13.6%
erose
13.6%
etape
11.1%
edile
11.1%
enure
11.1%
elute
9.9%
eagre
7.4%
epode
4.9%
emyde
3.7%
etwee
2.5%
Remove Ads.
Support Sporcle.
Get the best of Sporcle when you Go Orange. This ad-free experience offers more features, more stats, and more fun while also helping to support Sporcle. Thank you for becoming a member.

You're not logged in!

Compare scores with friends on all Sporcle quizzes.
OR
Log In

Show Comments

Extras

Top Quizzes Today


Score Distribution

Your Account Isn't Verified!

In order to create a playlist on Sporcle, you need to verify the email address you used during registration. Go to your Sporcle Settings to finish the process.

Report this User

Report this user for behavior that violates our Community Guidelines.

Details: